Saints Players With 1000 Scrimmage Yards - Statistics

General Stats
  • This quiz has been taken 13 times
  • The average score is 36 of 64
Answer Stats
Position (Year) Yards Player % Correct
RB (2020) 1,688 Alvin Kamara
100%
RB (2018) 1,592 Alvin Kamara
100%
RB (2017) 1,554 Alvin Kamara
100%
RB (2024) 1,493 Alvin Kamara
100%
RB (2022) 1,387 Alvin Kamara
100%
RB (2021) 1,337 Alvin Kamara
100%
RB (2019) 1,330 Alvin Kamara
100%
RB (2023) 1,160 Alvin Kamara
100%
WR (2019) 1,716 Michael Thomas
100%
WR (2018) 1.405 Michael Thomas
100%
WR (2017) 1,245 Michael Thomas
100%
WR (2016) 1,137 Michael Thomas
100%
TE (2011) 1,310 Jimmy Graham
90%
TE (2013) 1,215 Jimmy Graham
90%
RB (2009) 1,095 Pierre Thomas
90%
RB (2013) 1,062 Pierre Thomas
90%
RB (2003) 2,157 Deuce McAllister
80%
RB (2002) 1,740 Deuce McAllister
80%
RB (2004) 1,302 Deuce McAllister
80%
RB (2006) 1,255 Deuce McAllister
80%
WR (2007) 1,202 Marques Colston
80%
WR (2012) 1,154 Marques Colston
80%
WR (2011) 1,143 Marques Colston
80%
WR (2009) 1,080 Marques Colston
80%
WR (2006) 1,038 Marques Colston
80%
WR (2010) 1,024 Marques Colston
80%
WR (2023) 1,123 Chris Olave
70%
WR (2022) 1,042 Chris Olave
70%
RB (2017) 1,540 Mark Ingram
70%
RB (2016) 1,362 Mark Ingram
70%
RB (2015) 1,174 Mark Ingram
70%
RB (2014) 1,109 Mark Ingram
70%
RB (2006) 1,307 Reggie Bush
70%
WR (2012) 1,041 Lance Moore
50%
RB (2001) 1,756 Ricky Williams
50%
RB (2000) 1,409 Ricky Williams
50%
RB (1999) 1,056 Ricky Williams
50%
WR (2016) 1,203 Brandin Cooks
40%
WR (2015) 1,156 Brandin Cooks
40%
WR (1988) 1,095 Eric Martin
40%
WR (1989) 1,090 Eric Martin
40%
WR (1992) 1,041 Eric Martin
40%
RB (1981) 1,800 George Rodgers
40%
RB (1983) 1,213 George Rogers
40%
RB (1979) 1,506 Chuck Muncie
30%
RB (1977) 1,059 Chuck Muncie
30%
WR (1969) 1,076 Danny Abramowicz
30%
WR (2004) 1.399 Joe Horn
30%
WR (2000) 1,350 Joe Horn
30%
WR (2002) 1,314 Joe Horn
30%
WR (2001) 1,269 Joe Horn
30%
RB (1989) 1,776 Dalton Hilliard
10%
RB (1988) 1,158 Dalton Hilliard
10%
RB (2011) 1,313 Darren Sproles
10%
RB (1986) 1,449 Rueben Mayes
10%
FB (1978) 1,217 Tony Galbreath
10%
FB (1979) 1,192 Tony Galbreath
10%
WR (2001) 1,046 Willie Jackson
10%
RB (1974) 1,008 Alvin Maxson
0%
RB (1969) 1,039 Andy Livingston
0%
RB (1995) 1,065 Mario Bates
0%
WR (1994) 1,028 Michael Haynes
0%
WR (1995) 1,084 Quinn Early
0%
WR (1979) 1,069 Wes Chandler
0%
No matching quizzes found
Score Distribution
Percent of People with Each Score
Percentile by Number Answered
Your Score History
You have not taken this quiz